| 000 | 00847cam a22002775i 4500 | ||
|---|---|---|---|
| 999 |
_c28815 _d28786 |
||
| 001 | 016775366 | ||
| 003 | EG-ScBUE | ||
| 005 | 20200924105307.0 | ||
| 008 | 140429s2014 enka f 001 0 eng d | ||
| 020 | _a9781781579824 (pbk.) | ||
| 040 |
_aStDuBDS _beng _erda _cStDuBDS _dUk _dEG-ScBUE |
||
| 082 | 0 | 4 |
_a770.11 _bWIG _222 |
| 100 | 1 |
_aWignall, Jeff, _eauthor. |
|
| 245 | 1 | 4 |
_aThe photographer's master guide to colour / _cJeff Wignall. |
| 246 | 3 | _aColour | |
| 264 | 1 |
_aLewes, U. K. : _bIlex, _c2014. |
|
| 300 |
_a176 pages : _billustrations ; _c26 cm |
||
| 336 |
_atext _btxt _2rdacontent |
||
| 337 |
_aunmediated _bn _2rdamedia |
||
| 338 |
_avolume _bnc _2rdacarrier |
||
| 500 | _aIncludes index. | ||
| 650 | 7 |
_aColor photography. _2BUEsh |
|
| 650 | 7 |
_aColor _xPsychological aspects. _2BUEsh |
|
| 653 |
_bCOMAME _cSeptember2020 |
||
| 942 |
_2ddc _cBB |
||